Polychlórované dibenzodioxíny a dibenzofurány (PCDD a PCDF) – výskyt v prostredí a v ľudskej populácii a možnosti biologického rozkladu
Salvato in:
| Autore principale: | |
|---|---|
| Altri autori: | |
| Natura: | Manoscritto Libro |
| Lingua: | slovacco |
| Pubblicazione: |
2015
|
| Soggetti: | |
| Accesso online: | http://is.stuba.sk/zp/portal_zp.pl?podrobnosti=101133 |
| Tags: |
Nessun Tag, puoi essere il primo ad aggiungerne!!
|
MARC
| LEADER | 00000ntm a22000003a 4500 | ||
|---|---|---|---|
| 001 | stuzp52596 | ||
| 003 | SK-STU | ||
| 005 | 20160719154224.8 | ||
| 007 | ta | ||
| 008 | 150427s2015----xo-----f-mn---000-0-slo-d | ||
| 040 | |a STU |b slo | ||
| 041 | 0 | |a slo | |
| 100 | 1 | |a Kobylinská, Ivana |u 044310 |4 aut |U FCHPT Ústav biotechnológie a potravinárstva |T FCHPT Oddelenie biochemickej technológie |X 60043 |U C4310 |Y 116 |7 60043 | |
| 242 | 0 | 1 | |a Polychlorinated Dibenzodioxins and Polychlorinated Dibenzofurans (PCDD and PCDF) - Existence in the Environment, Human Population and Options of Biodegradation |y eng |
| 245 | 1 | 0 | |a Polychlórované dibenzodioxíny a dibenzofurány (PCDD a PCDF) – výskyt v prostredí a v ľudskej populácii a možnosti biologického rozkladu |
| 260 | |c 2015 | ||
| 650 | 4 | |a POPs |2 slo | |
| 650 | 4 | |a životné prostredie |2 slo | |
| 650 | 4 | |a PCDD |2 slo | |
| 650 | 4 | |a PCDF |2 slo | |
| 650 | 4 | |a POPs |2 eng | |
| 650 | 4 | |a environment |2 eng | |
| 650 | 4 | |a PCDF |2 eng | |
| 650 | 4 | |a PCDD |2 eng | |
| 700 | 1 | |a Dercová, Katarína |4 ths |X 3334 |7 A000003334 | |
| 856 | 4 | |u http://is.stuba.sk/zp/portal_zp.pl?podrobnosti=101133 | |
| SQL | |a stuzp52596 |b DBP |c SLO |d Polychlórované dibenzodioxíny a dibenzofurány (PCDD a PCDF) – výskyt v prostredí a v ľudskej populácii a možnosti biologického rozkladu |e 60043 |f Kobylinská, Ivana |g 044310 |h 3334 |i Dercová, Katarína |j 20150714 |k 752 |l 04 |m http://is.stuba.sk/zp/portal_zp.pl?podrobnosti=101133 |n B-BIOPOT |o 5.2.25. biotechnológie | ||